Sports Quiz

Random Sports or Country Quiz

Cricket World Cup Squads 2007:Part 2 Quiz Stats

Quiz not verified by Sporcle

Challenge
Share
Tweet
Embed
Score 0/0 Timer 00:00
0 Plays Today
Country Player % Correct
EnglandMichael Vaughan
87.4%
EnglandKevin Pietersen
86.7%
EnglandAndrew Strauss
85.2%
New ZealandDaniel Vettori
85.2%
EnglandJames Anderson
84.4%
EnglandAndrew Flintoff
83.7%
EnglandPaul Collingwood
82.2%
EnglandIan Bell
80.7%
West IndiesShivnarine Chanderpaul
80.7%
West IndiesChris Gayle
79.3%
New ZealandStephen Fleming
77.8%
New ZealandBrendon McCullum
77.8%
PakistanYounis Khan
77.8%
West IndiesBrian Lara
77.8%
New ZealandRoss Taylor
77%
West IndiesJerome Taylor
77%
PakistanInzamam ul-Haq
76.3%
ZimbabweBrendan Taylor
76.3%
EnglandMonty Panesar
73.3%
PakistanMohammad Yousuf
72.6%
West IndiesRamnaresh Sarwan
72.6%
EnglandStuart Broad
71.9%
New ZealandJacob Oram
71.9%
EnglandPaul Nixon
70.4%
New ZealandShane Bond
70.4%
PakistanShahid Afridi
68.9%
New ZealandScott Styris
67.4%
IrelandKevin O'Brien
65.9%
IrelandNiall O'Brien
65.9%
EnglandRavi Bopara
65.2%
EnglandSajid Mahmood
65.2%
PakistanAzhar Mahmood
64.4%
West IndiesDwayne Bravo
64.4%
KenyaSteve Tikolo
63%
West IndiesDevon Smith
60.7%
West IndiesDwayne Smith
60.7%
IrelandEoin Morgan
58.5%
IrelandWilliam Porterfield
57.8%
PakistanKamran Akmal
57%
PakistanUmar Gul
56.3%
Country Player % Correct
EnglandEd Joyce
55.6%
IrelandTrent Johnston
54.8%
KenyaMalhar Patel
54.1%
New ZealandJeetan Patel
54.1%
CanadaJohn Davison
53.3%
West IndiesDenesh Ramdin
51.1%
KenyaCollins Obuya
46.7%
PakistanShoaib Malik
46.7%
EnglandLiam Plunkett
45.9%
KenyaDavid Obuya
45.9%
PakistanDanish Kaneria
44.4%
EnglandJamie Dalrymple
42.2%
KenyaThomas Odoyo
42.2%
New ZealandJames Franklin
41.5%
New ZealandCraig McMillan
41.5%
KenyaRavindu Shah
40.7%
IrelandBoyd Rankin
40.7%
New ZealandChris Martin
40%
PakistanMohammad Hafeez
36.3%
PakistanMohammad Sami
36.3%
West IndiesKieron Pollard
36.3%
ZimbabweElton Chigumbura
36.3%
West IndiesCorey Collymore
34.8%
ZimbabweProsper Utseya
34.1%
PakistanImran Nazir
33.3%
West IndiesMarlon Samuels
31.9%
West IndiesDaren Powell
31.1%
PakistanRana Naved
28.1%
New ZealandHamish Marshall
27.4%
CanadaAshish Bagai
26.7%
IrelandJeremy Bray
26.7%
New ZealandPeter Fulton
25.2%
ZimbabweSean Williams
25.2%
West IndiesIan Bradshaw
24.4%
IrelandAndre Botha
23.7%
IrelandJohn Mooney
23.7%
IrelandPaul Mooney
23.7%
ZimbabweStuart Matsikenyeri
23%
New ZealandMark Gillespie
20.7%
IrelandPeter Gillespie
20.7%
Country Player % Correct
West IndiesLendl Simmons
20%
ZimbabweChristopher Mpofu
19.3%
KenyaJimmy Kamande
18.5%
KenyaMaurice Ouma
15.6%
IrelandKyle McCallan
15.6%
ZimbabweVusi Sibanda
15.6%
KenyaTony Suji
14.8%
IrelandDave Langford-Smith
14.8%
IrelandAndrew White
14.8%
CanadaQaiser Ali
13.3%
ZimbabweAnthony Ireland
11.9%
CanadaAustin Codrington
10.4%
CanadaGeorge Codrington
10.4%
PakistanRao Iftikhar
10.4%
CanadaAnderson Cummins
8.9%
KenyaNehamiah Odhiambo
8.1%
KenyaPeter Ongondo
8.1%
KenyaTanmay Mishra
7.4%
CanadaSunil Dhaniram
6.7%
KenyaLameck Onyango
6.7%
PakistanYasir Arafat
6.7%
CanadaIan Billcliff
5.9%
ZimbabweEdward Rainsford
5.9%
CanadaHenry Osinde
5.2%
New ZealandMichael Mason
5.2%
KenyaHiren Varaiya
4.4%
ZimbabweGary Brent
4.4%
CanadaDesmond Chumney
3.7%
ZimbabweKeith Dabengwa
3.7%
ZimbabweTerry Duffin
3.7%
ZimbabweTawanda Mupariwa
3.7%
ZimbabweFriday Kasteni
3%
CanadaGeoff Barnett
2.2%
CanadaKevin Sandher
0.7%
ZimbabweJustice Chibhaba
0.7%
CanadaUmar Bhatti
0%
CanadaAsif Mulla
0%
CanadaAbdool Samad
0%
KenyaRajesh Bhudia
0%
IrelandKenny Carroll
0%

You're not logged in!

Compare scores with friends on all Sporcle quizzes.
Sign Up with Email
OR
Log In

You Might Also Like...

Show Comments

Extras

Top Quizzes Today


Score Distribution

Your Account Isn't Verified!

In order to create a playlist on Sporcle, you need to verify the email address you used during registration. Go to your Sporcle Settings to finish the process.

Report this User

Report this user for behavior that violates our Community Guidelines.

Details: